Los ojos de Norba / (Record no. 190661)
[ view plain ]
| 000 -LEADER | |
|---|---|
| campo de control de longitud fija | 00836nam a2200241 i 4500 |
| 001 - NÚMERO DE CONTROL | |
| campo de control | 190661 |
| 003 - IDENTIFICADOR DE NÚMERO DE CONTROL | |
| campo de control | ES-MaACL |
| 005 - FECHA Y HORA DE LA ÚLTIMA TRANSACCIÓN | |
| campo de control | 20240130103411.0 |
| 008 - DATOS DE LONGITUD FIJA--INFORMACIÓN GENERAL | |
| campo de control de longitud fija | 220419s2021 sp 000 f spa |
| 020 ## - NÚMERO INTERNACIONAL ESTÁNDAR DEL LIBRO | |
| Número Internacional Estándar del Libro | 978-84-18377-45-7 |
| 080 ## - NÚMERO DE LA CLASIFICACIÓN DECIMAL UNIVERSAL | |
| Número de la Clasificación Decimal Universal | 821.134.2-31"20" |
| 100 1# - ENTRADA PRINCIPAL--NOMBRE DE PERSONA | |
| Nombre de persona | Fragoso, Juan Pedro ( |
| Fechas asociadas al nombre | 1986-) |
| 9 (RLIN) | 174393 |
| 245 14 - MENCIÓN DEL TÍTULO | |
| Título | Los ojos de Norba / |
| Mención de responsabilidad, etc. | Juan Pedro Fragoso. |
| 260 ## - PUBLICACIÓN, DISTRIBUCIÓN, ETC. | |
| Lugar de publicación, distribución, etc. | [A Coruña] : |
| Nombre del editor, distribuidor, etc. | Malas Artes, |
| Fecha de publicación, distribución, etc. | [2021] |
| 300 ## - DESCRIPCIÓN FÍSICA | |
| Extensión | 344 p., 1 h. de mapa ; |
| Dimensiones | 22 cm. |
| 490 1# - MENCIÓN DE SERIE | |
| Mención de serie | Ciencias salvajes |
| 830 1# - PUNTO DE ACCESO ADICIONAL DE SERIE-TÍTULO UNIFORME | |
| Título uniforme | Ciencias salvajes |
| 9 (RLIN) | 225926 |
| 852 4# - LOCALIZACIÓN | |
| Ubicación | ES-MaACL |
| Número de control de estantería | A-14934 |
| itemnumber | 197841 |
| Sublocalización o colección | R.153245 |
| Ubicación en estantería | Depósito 1 |
| Signatura antigua | Olim: N-7934 |
| Anotaciones manuscritas | Dedicatoria autógrafa del autor |
| Donativo/Legado | Donación: Juan Pedro Fragoso |
| 903 ## - NOMBRE PERSONAL DE DONANTE | |
| 9 | 174393 |
| a | Fragoso, Juan Pedro ( |
| d | 1986-) |
| e | Donante |
| 942 ## - ELEMENTOS DE ENTRADA SECUNDARIOS (KOHA) | |
| Fuente del sistema de clasificación o colocación | Clasificación decimal universal |
| Tipo de ítem Koha | Libro impreso |
| Estatus retirado | Estado de pérdida | Fuente del sistema de clasificación o colocación | Estado de daño | No para préstamo | Colección | Biblioteca de origen | Biblioteca actual | Ubicación en estantería | Fecha de adquisición | Fuente de adquisición | Total de préstamos | Signatura topográfica completa | Código de barras | Visto por última vez | Precio de reemplazo | Tipo de ítem Koha | Nota pública |
|---|---|---|---|---|---|---|---|---|---|---|---|---|---|---|---|---|---|
| Clasificación decimal universal | Libros con dedicatorias | Biblioteca del Ateneo de Madrid | Biblioteca del Ateneo de Madrid | Depósito 1 | 19/04/2022 | Donación | A-14934 | 1202893 | 23/02/2023 | 23/02/2023 | Libro impreso | Dedicatoria autógrafa del autor |
